[Event "Krefeld op"]
[Site "Krefeld"]
[Date "2022.08.07"]
[Round "6"]
[White "Mann, Gergely"]
[Black "Cici, Osman"]
[Result "1-0"]
[WhiteElo "1728"]
[BlackElo "1707"]
[PlyCount "120"]
[EventDate "2022.08.04"]
[EventType "swiss"]
[EventRounds "9"]
[EventCountry "GER"]
[SourceTitle "CBM 209 Extra"]
[Source "ChessBase"]
[SourceDate "2022.09.30"]
[SourceVersion "1"]
[SourceVersionDate "2022.09.30"]
[SourceQuality "1"]

1. e4 c5 2. Nf3 d6 3. d4 cxd4 4. Nxd4 Nf6 5. Nc3 a6 6. Be3 Ng4 7. Bc1 Nf6 8. f3 e5 9. Nb3 Be6 10. Be3 b5 11. a4 b4 12. Nd5 Bxd5 13. exd5 Nbd7 14. a5 Qc7 15. Be2 Be7 16. 0-0 0-0 17. Qd2 Nc5 18. Rfd1 Nfd7 19. Nxc5 Nxc5 20. Qxb4 Rfb8 21. Qa3 Qb7 22. Rab1 Qb4 23. Qxb4 Rxb4 24. Bd2 Rb7 25. b4 Nd7 26. c4 Bd8 27. Rdc1 Rc7 28. b5 Nc5 29. Bb4 Bg5 30. b6 Be3+ 31. Kf1 Re7 32. Rc2 f5 33. Bxc5 Bxc5 34. b7 Rb8 35. Rcb2 e4 36. Bd1 e3 37. Ke2 g5 38. Ba4 g4 39. Bc6 gxf3+ 40. Kxf3 Kf7 41. Ke2 Kf6 42. Rb6 Bxb6 43. Rxb6 f4 44. Rxa6 Ke5 45. g3 Kd4 46. gxf4 Rg7 47. Ra8 Rbxb7 48. Bxb7 Rxb7 49. Re8 Rb2+ 50. Kf3 Rf2+ 51. Kg3 Ra2 52. Kf3 Rf2+ 53. Kg3 Ra2 54. f5 Rxa5 55. f6 Ra1 56. f7 Rg1+ 57. Kh3 Rf1 58. f8Q Rxf8 59. Rxf8 Kxc4 60. Kg3 Kxd5 1-0

[Event "Krefeld op"]
[Site "Krefeld"]
[Date "2022.08.05"]
[Round "3"]
[White "Cici, Osman"]
[Black "Voelker, Werner"]
[Result "1-0"]
[WhiteElo "1707"]
[BlackElo "1403"]
[PlyCount "61"]
[EventDate "2022.08.04"]
[EventType "swiss"]
[EventRounds "9"]
[EventCountry "GER"]
[SourceTitle "CBM 209 Extra"]
[Source "ChessBase"]
[SourceDate "2022.09.30"]
[SourceVersion "1"]
[SourceVersionDate "2022.09.30"]
[SourceQuality "1"]

1. d4 Nf6 2. Bf4 d6 3. Nf3 g6 4. Nc3 Bg7 5. e4 0-0 6. Be2 c5 7. dxc5 dxc5 8. 0-0 a6 9. Qxd8 Rxd8 10. Rfd1 Rxd1+ 11. Rxd1 Nc6 12. Be3 b6 13. Nd2 Be6 14. Na4 Nd7 15. c3 Kf8 16. f4 Na5 17. Nf3 Ke8 18. Ng5 Bxa2 19. Rxd7 Kxd7 20. Nxb6+ Kc6 21. Nxa8 h6 22. Nf3 Bc4 23. Bd1 Nb3 24. Kf2 e6 25. e5 Bf8 26. Ne1 Kb7 27. Nc2 Kxa8 28. Na3 Bd5 29. c4 Na5 30. cxd5 exd5 31. Bf3 1-0

[Event "Gelsenkirchen Silvester op 3rd"]
[Site "Gelsenkirchen"]
[Date "2015.12.28"]
[Round "3"]
[White "Cici, Osman"]
[Black "Siegert, Robert"]
[Result "1-0"]
[WhiteElo "1793"]
[BlackElo "1261"]
[PlyCount "65"]
[EventDate "2015.12.27"]
[EventType "swiss"]
[EventRounds "5"]
[EventCountry "GER"]
[SourceTitle "EXT 2019"]
[Source "ChessBase"]
[SourceDate "2018.10.10"]
[SourceVersion "1"]
[SourceVersionDate "2018.10.10"]
[SourceQuality "1"]

1. d4 Nf6 2. Nf3 d5 3. Bf4 Bg4 4. Ne5 e6 5. Nxg4 Nxg4 6. e3 Nf6 7. c4 Bb4+ 8. Nc3 0-0 9. Qc2 c6 10. Bd3 dxc4 11. Bxc4 Bd6 12. Bg5 Nbd7 13. e4 e5 14. d5 Rc8 15. Qe2 a6 16. 0-0 Qc7 17. Rac1 c5 18. a4 h6 19. Be3 Nb6 20. g3 Qd7 21. Bb3 Qg4 22. a5 Qxe2 23. Nxe2 Nbd7 24. f3 Rb8 25. Bc4 b5 26. axb6 Rxb6 27. b3 a5 28. Ra1 Ra8 29. Nc3 Rb7 30. Ra2 Nb6 31. Bb5 Rba7 32. Bc6 Rb8 33. Nb5 1-0